Decisiones judiciales Lubanga (D.R. Congo). Vencedores de Arauca (Colombia). Akayesu (Ruanda). Menéndez (Argentina). Rio Negro (Guatemala). Comentarios. (Registro nro. 166486)

Detalles MARC
000 -ENCABEZADO
Número de control [NR] 01559nam a22003617a 4500
008 - DE LONGITUD FIJA DE DATOS DE ELEMENTOS - INFORMACIÓN GENERAL
Elementos de longitud fija [NR] 130821s2011 ck gr spa
020 ## - NUMERO INTERNACIONAL NORMALIZADO PARA LIBROS [R]
Número Internacional Normalizado del libro [NR] 9789588438733
040 ## - FUENTE DE CATALOGACION [NR]
Agencia de catalogación original [NR] CO-BoUCM
Idioma de catalogación [NR] spa
Quien Cataloga
Quien Clasifica
041 00 - CODIGO DE IDIOMA [R]
Código de idioma para texto/pista de sonido o título separado [R] Español
245 00 - MENCION DE TITULO [NR]
Título [NR] Decisiones judiciales Lubanga (D.R. Congo). Vencedores de Arauca (Colombia). Akayesu (Ruanda). Menéndez (Argentina). Rio Negro (Guatemala). Comentarios.
Mención de responsabilidad, etc. [NR] Andreas Forer ...[y otros autores.] ; compilado por Profis
260 ## - PUBLICACION, DISTRIBUCION, ETC. (PIE DE IMPRENTA) [R]
Lugar de publicación, distribución, etc. [R] Bogotá (Colombia)
Nombre del editor, distribuidor, etc. [R] Alvi Impresores
Fecha de publicación, distribución, etc. [R] 2011
300 ## - DESCRIPCION FISICA [R]
Extensión [R] 214 páginas
504 ## - NOTA DE BIBLIOGRAFIA, ETC. [R]
Nota de bibliografía, etc. [NR] Incluye referencias bibliográficas
650 ## - ASIENTO SECUNDARIO DE MATERIA - TERMINO TEMATICO [R]
Término temático o nombre geográfico como elemento de entrada [NR] Delitos contra la humanidad
Subdivisión de forma [R] Estudio de casos
9 (RLIN) 37124
650 ## - ASIENTO SECUNDARIO DE MATERIA - TERMINO TEMATICO [R]
Término temático o nombre geográfico como elemento de entrada [NR] Derecho internacional humanitario
Subdivisión de forma [R] Estudio de casos
9 (RLIN) 37127
650 ## - ASIENTO SECUNDARIO DE MATERIA - TERMINO TEMATICO [R]
Término temático o nombre geográfico como elemento de entrada [NR] Derecho procesal
Subdivisión general [R] Estudio de casos
9 (RLIN) 37126
650 ## - ASIENTO SECUNDARIO DE MATERIA - TERMINO TEMATICO [R]
Término temático o nombre geográfico como elemento de entrada [NR] Derechos humanos
Subdivisión de forma [R] Estudio de casos
9 (RLIN) 37128
650 #7 - ASIENTO SECUNDARIO DE MATERIA - TERMINO TEMATICO [R]
9 (RLIN) 8543
Término temático o nombre geográfico como elemento de entrada [NR] Administración de justicia
Subdivisión de forma [R] Estudio de casos
650 #7 - ASIENTO SECUNDARIO DE MATERIA - TERMINO TEMATICO [R]
Término temático o nombre geográfico como elemento de entrada [NR] Derecho penal
Subdivisión de forma [R] Estudio de casos
9 (RLIN) 37125
650 #7 - ASIENTO SECUNDARIO DE MATERIA - TERMINO TEMATICO [R]
Término temático o nombre geográfico como elemento de entrada [NR] Jurisprudencia procesal
Subdivisión de forma [R] Estudio de casos
9 (RLIN) 37129
690 ## - ASUNTO AGREGADO LOCAL DE ENTRADA - TÉRMINO TEMÁTICO (OCLC, RLIN)
Acceso temático local Derecho internacional
690 ## - ASUNTO AGREGADO LOCAL DE ENTRADA - TÉRMINO TEMÁTICO (OCLC, RLIN)
Acceso temático local Derecho penal
690 ## - ASUNTO AGREGADO LOCAL DE ENTRADA - TÉRMINO TEMÁTICO (OCLC, RLIN)
Acceso temático local Derecho procesal
690 ## - ASUNTO AGREGADO LOCAL DE ENTRADA - TÉRMINO TEMÁTICO (OCLC, RLIN)
Acceso temático local Derechos humanos
700 1# - ASIENTO SECUNDARIO - NOMBRE PERSONAL [R]
Nombre personal [NR] Bernal Acevedo, Gloria
9 (RLIN) 36852
700 1# - ASIENTO SECUNDARIO - NOMBRE PERSONAL [R]
Nombre personal [NR] Cortés Sánchez, Edwin Mauricio
Término de relación [R] compilador
9 (RLIN) 36853
700 1# - ASIENTO SECUNDARIO - NOMBRE PERSONAL [R]
Nombre personal [NR] Forer, Andreas
9 (RLIN) 36851
700 1# - ASIENTO SECUNDARIO - NOMBRE PERSONAL [R]
Nombre personal [NR] Llanos Sarmiento, Teddy
9 (RLIN) 36854
710 2# - ASIENTO SECUNDARIO - NOMBRE CORPORATIVO [R]
9 (RLIN) 3392
Nombre corporativo o de jurisdicción como elemento de entrada [NR] Colombia
Unidad subordinada [R] Defensoría del Pueblo
710 2# - ASIENTO SECUNDARIO - NOMBRE CORPORATIVO [R]
Nombre corporativo o de jurisdicción como elemento de entrada [NR] ProFis
Término de relación [R] compilador
9 (RLIN) 36855
942 ## - ELEMENTOS DE ENTRADA AGREGADOS (KOHA)
Tipo de ítem principal el descrito en 300a Libro
Tema principal Derecho
Edición 1
Parte restante de la signatura top. D294
Sistema de clasificación DEWEY
Clasificación 347.05
Existencias
Fecha de último préstamo Total préstamos Total Renewals Signatura topográfica Código de barras Última vez visto Ejemplar Costo de reposición Price effective from Tipo de ítem Perdido Sistema de clasificación Dañado No prestable Tipo de ítem específico Suprimido Ubicación habitual Ubicación actual Localización Fecha de creación Proveedor Forma de adquisición Costo
06/05/2016 1 3 347.05 D294 100133862 06/06/2024 Ej.1 26000.00 02/04/2013 Libro   DEWEY     Libro   Bodega Bodega 3er piso 02/04/2013 12 Donación 26000.00